000 00550nam a2200181Ia 4500
008 090123s9999 xx 000 0 und d
082 _b3220
100 _aरानडे मधुकर
245 _aबहुरंगी करमणुक
250 _a6
260 _bरानडे दा.पा.
300 _a138
600 _aरानडे मधुकर
630 _aबहुरंगी करमणुक
700 _aरानडे मधुकर
730 _aबहुरंगी करमणुक
942 _cBOOK
999 _c41300
_d41300